| Tag |
First Indicator |
Second Indicator |
Subfields |
| LEADER |
00000cam a22000001a 4500 |
| 001 |
in00002162575 |
| 006 |
m e d # |
| 007 |
cr mn mmmmabba |
| 008 |
820104s1728 maui s s000 0 eng d |
| 005 |
20260331152318.2 |
| 035 |
|
|
|z w034551
|
| 035 |
|
|
|a MAAR8201044405B
|
| 035 |
|
|
|9 mwa91-31094
|
| 035 |
|
|
|a 322845
|
| 035 |
|
|
|a aas03034551
|
| 040 |
|
|
|a MWA
|c MWA
|e bdrb
|d UtOrBLW
|
| 110 |
1 |
|
|a Massachusetts.
|b Lieutenant Governor (1716-1730 : Dummer)
|
| 245 |
1 |
0 |
|a By the Honourable William Dummer, Esq; ... A proclamation for apprehending Henry Phillips :
|b ... Given at Boston the fourth day of July 1728. ...
|
| 264 |
|
3 |
|a Boston :
|b Printed by B. Green, printer to his honour the lieut. governour,
|c 1728.
|
| 300 |
|
|
|a 1 sheet (1 unnumbered page) :
|b coat of arms.
|
| 336 |
|
|
|a text
|b txt
|2 rdacontent
|
| 337 |
|
|
|a computer
|b c
|2 rdamedia
|
| 338 |
|
|
|a online resource
|b cr
|2 rdacarrier
|
| 500 |
|
|
|a Signed: By order of the Honourable the Lieut. Governour, W. Dummer. Josiah Willard, secr.
|
| 500 |
|
|
|a Henry Phillips killed Benjamin Woodbridge, a young Boston merchant, in a duel on July 3, 1728, and escaped to France the following day. This duel caused a great sensation in Boston, the outcome being that Phillips was indicted for murder by a grand jury and the General Court enacted a law placing heavy penalties on dueling. Cf. sketch of Henry Phillips in Sibley's Harvard graduates.
|
| 510 |
4 |
|
|a Bristol
|c B763
|
| 510 |
4 |
|
|a Shipton & Mooney
|c 39893
|
| 510 |
4 |
|
|a Ford, W.C. Broadsides,
|c 548
|
| 530 |
|
|
|a Microform version available in the Readex Early American Imprints series.
|
| 533 |
|
|
|a Electronic text and image data.
|b [Chester, Vt. :
|c Readex, a division of Newsbank, Inc.,
|d 2002-2004.
|e Includes files in TIFF, GIF and PDF formats with inclusion of keyword searchable text.
|f (Early American imprints. First series ; no. 39893).
|
| 500 |
|
|
|a Electronic resource.
|
| 600 |
1 |
0 |
|a Phillips, Henry,
|d 1704-1729.
|
| 600 |
1 |
0 |
|a Woodbridge, Benjamin,
|d 1709-1728.
|
| 650 |
|
0 |
|a Murder
|z Massachusetts
|z Boston.
|
| 650 |
|
0 |
|a Dueling
|z Massachusetts
|z Boston.
|
| 655 |
|
7 |
|a Broadsides.
|2 rbgenr
|
| 700 |
1 |
|
|a Dummer, William,
|d 1677-1761.
|
| 752 |
|
|
|a United States
|b Massachusetts
|d Boston.
|
| 830 |
|
0 |
|a Early American imprints.
|n Series I,
|p Evans (1639-1800) ;
|v no. 39893.
|
| 856 |
4 |
1 |
|u http://proxy.library.tamu.edu/login?url=https://opac.newsbank.com/select/evans/39893
|y Evans Digital Edition
|t 0
|
| 999 |
|
|
|a MARS
|
| 999 |
f |
f |
|s 23e9a92f-2e7f-36a9-9fd0-62f1a23fd76f
|i a06c3fc9-35b6-3cad-bce0-37a6bd01d327
|t 0
|
| 952 |
f |
f |
|a Texas A&M University
|b College Station
|c Electronic Resources
|s www_evans
|d Available Online
|t 0
|h No information provided
|
| 998 |
f |
f |
|t 0
|l Available Online
|